000 01296naa a22003257a 4500
001 BR8105979
003 BR-BrBNA
005 20240918174908.0
007 ta
008 230509b bl.||||| |||| 00| 0 por d
040 _aBR-BrBNA
_bpor
_cBiblioteca Nacional de Agricultura
041 _a(Pt)
072 _aK50
_b3240
_b8912
_b8919
090 _aK50 BR8105979
100 1 _aColodette, J.L.
100 1 _aGomide, J.L.
100 1 _aOliveira, R.C. de
111 1 _a14. Congresso Anual da Associacao Tecnica Brasileira de Celulose e Papel
_cSao Paulo, SP (Brazil)
_d3 Nov 1981
245 1 _aUtilizacao do peroxido de hidrogenio no branqueamento de polpa Kraft de eucalipto [Eucalyptus spp., industria florestal]
260 3 _aSao Paulo, SP (Brasil):
_c1981.
500 _a14. Congresso Anual da Associacao Tecnica Brasileira de Celulose e Papel. Semana do papel Sao Paulo, SP (Brasil): 1981. v. 1 p. 235-271 (BR8105979-AM)K50
650 _aEUCALIPTO
650 _aPOLPA
650 _aHIDROGENIO
650 _aVISCOSIDADE
650 _aCLARIFICACAO
773 0 _t14. Congresso Anual da Associacao Tecnica Brasileira de Celulose e Papel. Semana do papel
_wK50 BR8105979
_gSao Paulo, SP (Brasil), 1981. v. 1 p. 235-271
909 _a202404
_bLucia
_c55
_dLucia Elande
942 _cAM
_2AGRIS
999 _c314268
_d314268